000 01076cam a2200289 a 4500
001 16618994
003 OSt
005 20180117085941.0
008 110121s2011 enka b 001 0 eng
010 _a 2011002039
020 _a9781849713238 (pbk.)
040 _aDLC
_cDLC
_dDLC
050 0 0 _aHC79.E5
_bJ298 2011
082 0 0 _a338.9/27
_222
100 1 _aJackson, Tim,
_d1957-
245 1 0 _aProsperity without growth :
_beconomics for a finite planet /
_cTim Jackson.
250 _aPbk. ed.
260 _aLondon ;
_aWashington, DC :
_bEarthscan,
_c2011.
300 _axii, 276 p. :
_bill. ;
_c22 cm.
504 _aIncludes bibliographical references (p. [241]-253) and index.
650 0 _aSustainable development.
650 0 _aEconomic development.
906 _a7
_bcbc
_corignew
_d1
_eecip
_f20
_gy-gencatlg
942 _2ddc
_cBK
999 _c2449
_d2449